Statistics for IndyCar Pole Sitters Since Reunification

Click here to take the quiz!

General Stats

  • This quiz has been taken 19 times
    (11 since last reset)
  • The average score is 30 of 35

Answer Stats

PolesDriverCountry% Correct
7Alexander RossiUnited States
100%
5Álex PalouSpain
100%
16Dario FranchittiUnited Kingdom
100%
5Graham RahalUnited States
100%
24Hélio CastronevesBrazil
100%
1James HinchcliffeCanada
100%
18Josef NewgardenUnited States
100%
3Juan Pablo MontoyaColombia
100%
5Patricio O'WardMexico
100%
6Ryan Hunter-ReayUnited States
100%
24Scott DixonNew Zealand
100%
3Sébastien BourdaisFrance
100%
13Simon PagenaudFrance
100%
10Takuma SatoJapan
100%
4Tony KanaanBrazil
100%
64Will PowerAustralia
100%
2Christian LundgaardDenmark
88%
11Colton HertaUnited States
88%
4Ed CarpenterUnited States
88%
6Felix RosenqvistSweden
88%
2Justin WilsonUnited Kingdom
88%
2Rinus VeeKayNetherlands
88%
3Romain GrosjeanFrance
88%
6Scott McLaughlinNew Zealand
88%
1Carlos MuñozColombia
75%
1Conor DalyUnited States
75%
1Kyle KirkwoodUnited States
75%
1Mikhail AleshinRussia
75%
12Ryan BriscoeAustralia
75%
1Charlie KimballUnited States
63%
1Mike ConwayUnited Kingdom
63%
1Robert WickensCanada
63%
1Sebastián SaavedraColombia
63%
6Marco AndrettiUnited States
50%
3Alex TaglianiCanada
13%

Score Distribution

Percentile by Number Answered

Percent of People with Each Score

Your Score History

You have not taken this quiz since the last reset